| 000 | 00000nas 22000008i 4500 |
| 001 | 9.905869 |
| 003 | CaOODSP |
| 005 | 20221107180945 |
| 006 | m o d f |
| 007 | cr ||||||||||| |
| 008 | 211210c20059999xxc x m o f|###|0dan|d |
| 040 | |aCaOODSP|beng|erda|cCaOODSP |
| 043 | |an-cn--- |
| 086 | 1 |aFs70-6Dan-PDF |
| 245 | 00|aCanadian Science Advisory Secretariat science advisory report. |
| 264 | 1|6[Ottawa] : |bCanadian Science Advisory Secretariat, |c2005- |
| 310 | |aIrregular |
| 336 | |atext|2rdacontent |
| 337 | |acomputer|2rdamedia |
| 338 | |aonline resource|2rdacarrier |
| 546 | |aText in Danish. |
| 710 | 1 |aCanada. |bDepartment of Fisheries and Oceans, |eissuing body. |
| 710 | 2 |aCanadian Science Advisory Secretariat, |eissuing body. |
| 775 | 08|tCanadian Science Advisory Secretariat science advisory report |w(CaOODSP)9.506226 |
| 792 | |tCanadian Science Advisory secretariat Science advisory report.|efre|w(CaOODSP)9.905871 |